00603 2200229 4500001002100000005001700021008004100038035002500079040001200104082000800116090001500124100002500139245004000164260002600204300003600230650002300266850001200289990001800301990001800319990001800337990001800355YOGYA-0209000007113120150316125154.0 ind  a0010-020900000071131 aYOPDYOG a813 a813bHaw S aHAWTHORNE, Nathantel aScarlet lettercNathantel Hawthorne aJakartabNarasic2004 aiv, 308 hlm. :bilus. ;c19 cm. aFiksi - Terjemahan aYOPDYOG a33341-PD/A.08 a33342-PD/A.08 a33343-PD/A.08 a33344-PD/A.08